00483nam a2200193 a 4500001001300000003000900013005001700022008004100039020002200080082001300102100002800115245002200143260002500165300000900190500003500199505001000234650001700244700002800261nice12345678IN_TiNIC20260116015047.0050524s1996 dela grp 000 0 eng  a8172140 c7500a232bBAN aBanerjee, Brojendranath aJesus My Redeemer aDelhi bISPCK c1996 a187p aincludes index and biblioraphy2 aIndex aJesus Christ1 aBanerjee, Brojendranath